Statistics for NBA Team Points Per Game Leaders

Click here to take the quiz!

General Stats

  • This quiz has been taken 24 times
  • The average score is 22 of 30

Answer Stats

Team Season Points Answer % Correct
San Francisco Warriors1961-6250.36Wilt Chamberlain
96%
Miami Heat2008-0930.20Dwyane Wade
96%
Houston Rockets2018-1936.13James Harden
96%
Los Angeles Lakers2005-0635.40Kobe Bryant
96%
Oklahoma City Thunder2013-1432.01Kevin Durant
96%
Cleveland Cavaliers2005-0631.37Lebron James
96%
Boston Celtics1987-8829.93Larry Bird
96%
Chicago Bulls1986-8737.09Michael Jordan
96%
Milwaukee Bucks1971-7234.84Kareem Abdul-Jabbar
91%
Toronto Raptors2000-0127.60Vince Carter
91%
New Orleans Pelicans2017-1828.13Anthony Davis
91%
Portland Trail Blazers1988-8927.22Clyde Drexler
87%
Orlando Magic2002-0332.09Tracy McGrady
87%
San Antonio Spurs1979-8033.14George Gervin
78%
Denver Nuggets1985-8629.80Alex English
78%
New Orleans Jazz1976-7731.14Pete Maravich
70%
Buffalo Braves1974-7534.52Bob McAdoo
65%
New York Knicks1984-8532.89Bernard King
61%
Dallas Mavericks1983-8429.49Mark Aguirre
57%
Minnesota Timberwolves2013-1426.10Kevin Love
57%
St. Louis Hawks1961-6231.14Bob Pettit
52%
Charlotte Hornets1996-9726.77Glen Rice
52%
Kansas City-Omaha Kings1972-7333.99Tiny Archibald
48%
Phoenix Suns1989-9027.17Tom Chambers
43%
Detroit Pistons2000-0129.75Jerry Stackhouse
39%
Vancouver Grizzlies1998-9923.04Shareef Abdur-Rahim
39%
Chicago Packers1961-6231.58Walt Bellamy
22%
Indiana Pacers1976-7726.60Billy Knight
13%

Score Distribution

Percentile by Number Answered

Percent of People with Each Score

Your Score History

You have not taken this quiz